Yzerman's Red Wings - Statistics

General Stats
  • This quiz has been taken 350 times
    14 since last reset
  • The average score is 62 of 120
Answer Stats
Position Number Player GP Points / SV% Latest Season Played with Detroit % Correct
F 18 Andrew Copp 296 141 2025-26
100%
D 8 Ben Chiarot 316 67 2025-26
100%
F 71 Dylan Larkin 490 430 2025-26
100%
F 23 Lucas Raymond 400 330 2025-26
100%
F 27 Michael Rasmussen 392 136 2025-26
100%
D 53 Moritz Seider 410 240 2025-26
100%
D 20 Albert Johansson 143 20 2025-26
90%
F 93 Alex DeBrincat 246 222 2025-26
90%
F 57 David Perron 174 106 2025-26
90%
D 17 Filip Hronek 259 133 2022-23
90%
D 8 & 96 Jake Walman 145 43 2023-24
90%
F 90 Joe Veleno 288 74 2024-25
90%
F 52 & 48 Jonatan Berggren 169 64 2025-26
90%
F 37 JT Compher 235 108 2025-26
90%
F 88 Patrick Kane 189 163 2025-26
90%
F 24 Pius Suter 161 60 2022-23
90%
D 3 & 77 Simon Edvinsson 175 60 2025-26
90%
F 59 Tyler Bertuzzi 177 131 2022-23
90%
F 39 Anthony Mantha 85 59 2020-21
80%
D 44 Axel Sandin-Pellikka 68 21 2025-26
80%
F 11 Filip Zadina 181 65 2022-23
80%
G 36 John Gibson 57 0.901 2025-26
80%
F 92 Marco Kasper 159 56 2025-26
80%
G 33 Sebastian Cossa 1 0.857 2024-25
80%
D 52 Travis Hamonic 26 2 2025-26
80%
G 39 Alex Nedeljkovic 74 0.900 2022-23
70%
G 39 Cameron Talbot 81 0.894 2025-26
70%
D 65 Danny DeKeyser 114 27 2021-22
70%
F 43 Darren Helm 115 24 2020-21
70%
F 50 Dominik Shine 27 4 2025-26
70%
F 85 Elmer Soderblom 86 22 2025-26
70%
D 25 Jacob Bernard-Docker 63 5 2025-26
70%
G 35 Jimmy Howard 27 0.882 2019-20
70%
G 45 Jonathan Bernier 70 0.909 2020-21
70%
D 72 Justin Faulk 17 8 2025-26
70%
F 41 Luke Glendening 114 24 2020-21
70%
F 28 Michael Brandsegg-Nygard 14 1 2025-26
70%
D 25 Mike Green 48 11 2019-20
70%
F 14 Robby Fabbri 234 127 2023-24
70%
D 41 Shayne Gostisbehere 81 56 2023-24
70%
G 29 Thomas Greiss 65 0.901 2021-22
70%
G 35 Ville Husso 84 0.892 2024-25
70%
F 73 Adam Erne 241 62 2022-23
60%
G 34 Alex Lyon 74 0.901 2024-25
60%
F 43 Carter Mazur 9 0 2025-26
60%
F 36 Christian Fischer 124 26 2024-25
60%
F 15 Craig Smith 19 2 2024-25
60%
F 58 Emmitt Finnie 82 30 2025-26
60%
F 81 Frans Nielsen 89 15 2020-21
60%
F 64 Gemel Smith 3 1 2021-22
60%
F 48 Givani Smith 85 14 2022-23
60%
F 15 Jakub Vrana 42 32 2022-23
60%
D 46 Jeff Petry 117 32 2024-25
60%
D 3 Justin Holl 111 13 2024-25
60%
D 18 Marc Staal 127 26 2021-22
60%
F 29 Nate Danielson 28 7 2025-26
60%
D 2 Nick Leddy 55 16 2021-22
60%
F 70 Oskar Sundqvist 70 29 2022-23
60%
G 43 Petr Mrazek 5 0.902 2024-25
60%
F 11 Vladimir Tarasenko 80 33 2024-25
60%
F 17 & 88 Daniel Sprong 76 43 2023-24
50%
D 56 Erik Gustafsson 62 18 2025-26
50%
G 47 James Reimer 25 0.904 2023-24
50%
F 21 James van Riemsdyk 72 31 2025-26
50%
F 43 John Leonard 11 4 2025-26
50%
D 52 Jonathan Ericsson 18 0 2019-20
50%
D 74 Madison Bowey 53 17 2019-20
50%
D 2 Olli Maatta 157 41 2024-25
50%
F 51 Valtteri Filppula 108 36 2020-21
50%
D 3 Alex Biega 62 6 2020-21
40%
F 24 Austin Watson 13 3 2024-25
40%
D 28 Gustav Lindstrom 128 25 2022-23
40%
F 61 Jacob de la Rose 16 4 2019-20
40%
G 45 Magnus Hellberg 18 0.884 2022-23
40%
F 22 Mason Appleton 65 14 2025-26
40%
F 89 Sam Gagner 129 47 2021-22
40%
F 15 Sheldon Dries 5 0 2025-26
40%
D 83 Trevor Daley 43 7 2019-20
40%
F 72 Andreas Athanasiou 46 24 2019-20
30%
F 29 Brendan Perlini 39 4 2019-20
30%
D 32 Brian Lashoff 9 1 2019-20
30%
G 31 Calvin Pickard 12 0.853 2021-22
30%
F 70 Christoffer Ehn 54 4 2019-20
30%
D 21 Dennis Cholowski 52 11 2020-21
30%
F 81 Dominik Kubalik 81 45 2022-23
30%
D 82 Jordan Oesterle 97 19 2022-23
30%
F 8 Justin Abdelkader 49 3 2019-20
30%
F 24 Klim Kostin 33 4 2023-24
30%
F 22 Mitchell Stephens 27 6 2021-22
30%
D 22 Patrik Nemeth 103 17 2020-21
30%
F 24 Richard Panik 12 4 2020-21
30%
F 92 Vladislav Namestnikov 113 42 2021-22
30%
D 84 William Lagesson 7 1 2024-25
30%
F 54 Bobby Ryan 33 14 2020-21
20%
D 44 Christian Djoos 36 11 2020-21
20%
F 15 Dmytro Timashov 5 0 2019-20
20%
D 20 Dylan McIlrath 16 0 2019-20
20%
G 34 Eric Comrie 3 0.864 2019-20
20%
F 37 Evgeny Svechnikov 25 8 2020-21
20%
D 2 Joe Hicketts 6 2 2019-20
20%
D 24 Jon Merrill 36 5 2020-21
20%
F 86 Mathias Brome 26 2 2020-21
20%
G 45 Michael Hutchinson 1 0.917 2023-24
20%
D 84 Olli Juolevi 8 0 2021-22
20%
D 38 Robert Hagg 38 7 2022-23
20%
F 67 & 25 Taro Hirose 50 13 2022-23
20%
D 70 Troy Stecher 60 13 2021-22
20%
F 14 Tyler Motte 55 9 2024-25
20%
F 21 Austin Czarnik 63 6 2023-24
10%
F 37 Carter Rowney 26 6 2021-22
10%
F 46 Chase Pearson 3 0 2021-22
10%
D 26 Cody Goloubef 2 0 2019-20
10%
D 20 Luke Witkowski 1 0 2021-22
10%
F 22 Matt Luff 19 4 2022-23
10%
F 26 Riley Barber 4 0 2021-22
10%
F 11 Zachary Aston-Reese 3 0 2023-24
10%
F 48 Alex Chiasson 20 9 2022-23
0%
D 21 Daniel Renouf 4 0 2021-22
0%
F 42 Kyle Criscuolo 6 2 2021-22
0%
F 57 Turner Elson 2 0 2021-22
0%
No matching quizzes found
Score Distribution
Percent of People with Each Score
Percentile by Number Answered
Your Score History
You have not taken this quiz since the last reset